A B C DE LA PSIQUIATRIA/

TRADUCCION DE: PSYCHIATRY IN THE MODERN WORLD

Uloženo v:
Podrobná bibliografie
Hlavní autor: Strauss, E.B (autor)
Médium: Kniha
Témata:
Tagy: Přidat tag
Žádné tagy, Buďte první, kdo vytvoří štítek k tomuto záznamu!

MARC

LEADER 00000nam^a2200000^a^4500
001 000226425
005 20250521000000.0
009 20260310104203.338
035 |a 045235 
037 |a Acervo Xavier Clavigero 
082 |a 616. 89  |b STR 
100 |a Strauss, E.B.  |e (autor) 
245 1 2 |a A B C DE LA PSIQUIATRIA/  |c E.B. STRAUSS; TR. ISMAEL ANTICH 
264 |a BARCELONA :  |b HERDER,  |c 1960 
300 |a 92p. 
336 |a texto  |b txt  |2 rdacontenido 
337 |a sin mediación  |b n  |2 rdamedio 
338 |a volumen  |b nc  |2 rdasoporte 
520 |a TRADUCCION DE: PSYCHIATRY IN THE MODERN WORLD 
520 |a INDICE 
649 |a XX 
650 |a Psiquiatría 
910 |a Fondo General 
920 |a Impresos - Libros 
930 |a Colección General 
905 |a 101 
901 |a 045235  |b IT1  |c ACC  |i 045235  |u 20250521 
902 |a https://opac.biblio.iteso.mx/vufind/Record/000226425